01743nkm a2200313 i 45000010005000000030009000050050017000140070006000310080041000371000031000782450104001092600031002133000039002445000035002835050226003185110079005445180188006236000027008116000049008386000023008876000036009106000059009466100070010057100071010758520027011468560093011739990015012669520148012814173ES-MaACL20250713062940.0khrbo070629s1987 sp --- g |001||spa d0 aAlfonso,d1902-199091985810aConmemoración del primer centenario de "Los pazos de Ulloa" [hFotografía] / cAlfonso (sello). a[Madrid : bs.n.], c1987. a2 fot. : bb. y n. ; c12 x 18 cm. aDatos basados en invitación.8 aPonencias: "Entre la ética y la estética: Pardo Bazán ante el decadentismo francés" por John Kronik . "Pardo Bazán, crítica y conferenciante" por Pilar Palomo . "Emilia Pardo Bazán, periodista" por Juan Cruz0 aIntervienen: John Kronik, Pilar Palomo, Juan Cruz; moderador: José Prat. aActo organizado por el Ateneo de Madrid y la Facultad de Filología de la Universidad Complutense, celebrado en el Salón de Actos el jueves, 10 de diciembre de 1987, a las 19:00 h.14aKronik, John W.96889317aPalomo, María del Pilar, d1933-2914461614aCruz, Juan.94179814aPrat, José,d1905-199499366514aPardo Bazán, Emilia,cCondesa de,d1851-1921917643424aAteneo de Madrid-xActos culturales-y1987-vFotografías.919022 aUniversidad Complutense de Madrid. bFacultad de Filología97120 aES-MaACLjFOT 238/19874 uhttp://www.ateneodemadrid.net/biblioteca_digital/imagenes/1987/0238-1987.jpgzVer imagen c4173d4173 001040708Colección_digitalaATENEOMbATENEOMcDEPOZd2008-01-17eSCl0oFOT 238/1987p1004236r2023-02-23 00:00:00w2023-02-23yFOTOGRAFIA